00945cam a22002531 4500001001300000003000400013005001700017008004100034010001700075035001900092040004700111042001200158050001900170100001900189245009900208260005200307300003700359490007700396650004200473650004600515650004700561650001200608810007100620gs 61000262 DLC20260227111410.0751203s1961 sduab 000 0 eng c ags 61000262  a(OCoLC)1872852 aU. S. Geol. Survey. Libr.cFMUdOCoLCdDLC apremarc00aGB1025.S8bW321 aWalker, Ian R.10aShallow outwash deposit in Huron-Wolsey area,bBeadle County, South Dakota,cby Ian R. Walker, aVermillion,bUniversity of South Dakota,c1961. aii, 44 p.billus., maps.c23 cm.1 aSouth Dakota. State Geological Survey. Report of investigations,vno. 91 0aGeologyzSouth DakotazBeadle County. 0aGroundwaterzSouth DakotazBeadle County. 0aWater-supplyzSouth DakotazBeadle County. 0aGeology1 aSouth Dakota.bState Geologist Report of investigations ;vno. 91.